000 01040nam a22002537a 4500
003 OSt
005 20250905103346.0
008 230915b ||||| |||| 00| 0 eng d
040 _c0
082 _aDPer 570 J826 February-November 2020 v. 54 n. 1-5.
100 _aAsshoff, Roman.
_eauthor.
_948984
245 _aConsidering the levels of biological organisation when teaching carbon flows in terrestrial ecosystem /
_cRoman Asshoff, Katharina Dusing, Tamara Winkelmann, and Marcus Hammann.
260 _aUnited Kingdom ;
_bTaylor & Francis Group ,
_cJune 2020.
300 _aVolume 54, pages 287-299 :
_billustration ;
_c25 cm.
500 _aJournal of Biological Education, vol. 54, no. 3, pages 287-299, June 2020.
650 _aTeaching.
_948985
650 _aPhotosynthesis.
_948986
650 _aBiology.
_948987
700 _aAsshoff, Roman.
_eauthor.
_948984
700 _aDusing, Katharina.
_eauthor.
_948988
700 _aWinkelmann, Tamara.
_eauthor.
_948989
700 _aHammann, Marcus.
_eauthor.
_948990
942 _2ddc
_cPER
999 _c18189
_d18189